000 00758nam a2200265Ia 4500
003 OSt
005 20220918215003.0
006 a|||||r|||| 00| 0
007 ta
008 220917b |||||||| |||| 00| 0 eng d
024 _a139,628
037 _cTextual
040 _aARTS
_cARTS
_beng
041 _2eng
_aeng
082 _aY:1.495, M0
100 _aSik Chai Sin
_9132934
245 0 _aCultural policy in the Democratic People's Republic of Korea
260 _aParis
_bUNESCO
_c1980
300 _a40p.
_ccm.
490 _aStudies and docuements on cultural policies,1980
650 _aSOCIOLOGY
700 _a Hun Hyon Jong
_9132935
942 _hY:1.495, M0
_cTEXL
_2CC
999 _c262615
_d262615